=LDR 00000nam 2200000 4500 =001 INLIS000000000016765 =005 20130612112019 =008 ***********************************Ind** =035 ##$$a0010-061300000016765 =041 ##$$a Ind =082 ##$$a F Rom D =090 ##$$a F Rom D, Dee s =100 ##$$a Dee =245 ##$$a Supernova, Dee =260 ##$$a 2003 $b Bandung =300 ##$$a xiv, 201 hlm, 20 cm =650 ##$$a Fiksi Dewasa-Indonesia =850 ##$$a NBPNMAT =990 ##$$a 21400613/BPAP-NTB/20142014 =990 ##$$a 75777577 =990 ##$$a 01201807577 =990 ##$$a 21400613/BPAP-NTB/20142014